Как распорядиться главным национальным богатством?; Нефть России; № 5

Bibliographic Details
Parent link:Нефть России: аналитический журнал.— , 1996, 1999-2012
№ 5.— 2003.— С. 80-83
Main Author: Черепанов В. Виктор
Language:Russian
Published: 2003
Series:Кадры
Subjects:
Format: Book Chapter
KOHA link:https://koha.lib.tpu.ru/cgi-bin/koha/opac-detail.pl?biblionumber=386663

MARC

LEADER 00000naa2a2200000 4500
001 386663
005 20231101063514.0
035 |a (RuTPU)RU\TPU\prd\15673 
090 |a 386663 
100 |a 20030626a2003 k y0rusy50 ca 
101 0 |a rus 
102 |a RU 
200 1 |a Как распорядиться главным национальным богатством?  |f В. Черепанов 
225 1 |a Кадры 
461 1 |0 (RuTPU)RU\TPU\prd\1610  |t Нефть России  |o аналитический журнал  |d 1996, 1999-2012 
463 1 |0 (RuTPU)RU\TPU\prd\15378  |t № 5  |v С. 80-83  |d 2003 
610 1 |a частная экономика 
610 1 |a кадровая политика 
610 1 |a государство 
610 1 |a реализация 
610 1 |a "лизинг" кадров 
700 1 |a Черепанов  |b В.  |g Виктор 
801 1 |a RU  |b 63413507  |c 20030626  |g PSBO 
801 2 |a RU  |b 63413507  |c 20130802  |g RCR 
942 |c BK